Trouver la nationalité du joueur - Statistiques

Statistiques générales
  • Ce quiz a été pris 96 fois
  • Le résultat moyen est 14 sur 16
Statistiques - réponses
Par images Réponse % Correct
France
100%
Italie
99%
Brésil
98%
Angleterre
96%
Espagne
94%
Norvège
91%
Allemagne
90%
Egypte
90%
Sénégal
89%
Portugal
84%
Argentine
81%
Suisse
81%
Suède
79%
Colombie
75%
Maroc
75%
Ukraine
63%
Aucun quiz correspondant
Distribution des résultats
% des personnes avec chaque résultat
Percentile par nombre de réponses
Votre historique - résultats
Vous n’avez pas pris ce quiz